[Event "Oberliga Bayern 0001"]
[Site "Bayern"]
[Date "2001.01.28"]
[Round "5"]
[White "Mandl, Robert"]
[Black "Lickleder, Andreas"]
[Result "1-0"]
[WhiteElo "2203"]
[BlackElo "2195"]
[PlyCount "59"]
[EventDate "2000.10.15"]
[EventType "team-tourn"]
[EventRounds "9"]
[EventCountry "GER"]
[SourceTitle "EXT 2020"]
[Source "ChessBase"]
[SourceDate "2019.10.17"]
[SourceVersion "1"]
[SourceVersionDate "2019.10.17"]
[SourceQuality "1"]
[WhiteTeam "Regensburg Fortuna"]
[BlackTeam "Schwabing SG Nord"]
[WhiteTeamCountry "GER"]
[BlackTeamCountry "GER"]

1. c4 c5 2. Nf3 Nf6 3. g3 b6 4. Bg2 Bb7 5. 0-0 e6 6. Nc3 d6 7. d3 Nbd7 8. e4 a6 9. Ne1 Qc7 10. Nc2 Be7 11. b3 Bc6 12. f4 Rc8 13. Bb2 Qb8 14. Qd2 b5 15. Rae1 0-0 16. Ne3 Rfe8 17. g4 e5 18. Ncd5 Bxd5 19. exd5 Bf8 20. g5 Nh5 21. Bh3 Rcd8 22. Bxd7 Rxd7 23. fxe5 dxe5 24. Ng4 Bd6 25. Kh1 Nf4 26. Nxe5 Rxe5 27. Bxe5 Bxe5 28. Rxf4 Bxf4 29. Qxf4 Qd8 30. Qe3 1-0

[Event "Oberliga Bayern 0001"]
[Site "Bayern"]
[Date "2000.11.12"]
[Round "2"]
[White "Duer, Werner"]
[Black "Mandl, Robert"]
[Result "1-0"]
[WhiteElo "2185"]
[BlackElo "2203"]
[PlyCount "76"]
[EventDate "2000.10.15"]
[EventType "team-tourn"]
[EventRounds "9"]
[EventCountry "GER"]
[SourceTitle "EXT 2020"]
[Source "ChessBase"]
[SourceDate "2019.10.17"]
[SourceVersion "1"]
[SourceVersionDate "2019.10.17"]
[SourceQuality "1"]
[WhiteTeam "Pang/Rosenheim"]
[BlackTeam "Regensburg Fortuna"]
[WhiteTeamCountry "GER"]
[BlackTeamCountry "GER"]

1. d4 Nf6 2. Nf3 e6 3. e3 c5 4. Bd3 b6 5. 0-0 Bb7 6. c4 Be7 7. Nc3 0-0 8. d5 exd5 9. cxd5 d6 10. e4 Na6 11. Re1 Nc7 12. h3 a6 13. a4 Rb8 14. Bf4 b5 15. axb5 axb5 16. b4 cxb4 17. Na2 Nd7 18. Nxb4 Ne5 19. Nd4 Qd7 20. Be2 Ra8 21. Rc1 Rfb8 22. Bg4 Nxg4 23. Qxg4 Qxg4 24. hxg4 Ne8 25. Ndc6 Bxc6 26. dxc6 Nc7 27. Nd5 Nxd5 28. exd5 Bf8 29. Re4 b4 30. c7 Rc8 31. Rxb4 f6 32. Rb6 Kf7 33. Bxd6 Bxd6 34. Rxd6 Ke7 35. Rb6 Kd7 36. d6 Re8 37. Kf1 Re6 38. Rb8 Re8 1-0